| 000 | 01172nam1a22002651i 4500 | ||
|---|---|---|---|
| 001 | rc\3398072 | ||
| 005 | 20240726024808.0 | ||
| 035 | _a(NLR Aleph) 007461877 | ||
| 090 |
_a7325674 _c7325674 |
||
| 100 | _a20130115g1974 |||y0rusy50 ca | ||
| 101 | 0 | _arus | |
| 102 | _aRU | ||
| 105 | _ay z ||||| | ||
| 200 | 1 |
_aАрмопластбетонные конструкции _eУчеб. пособие _fПод ред. д-ра техн. наук, проф. С.С. Давыдова и д-ра техн. наук В.И. Соломатова _gМПС СССР. Моск. ин-т инженеров ж.-д. и транспорта. Кафедра строит. конструкций. Ч. 1 - |
|
| 210 |
_aМосква _cБ. и. _d1974- |
||
| 215 | _d20 | ||
| 300 | _aПеред загл. авт.: С.С. Давыдов, В.И. Соломатов, А.С. Жиров, Я.И. Швидко | ||
| 701 | 1 |
_aСоломатов _bВ.И. _4340 |
|
| 701 | 1 |
_aЖиров _bА.С. |
|
| 701 | 1 |
_aДавыдов _bС.С. _gСергей Сергеевич _4340 |
|
| 701 | 1 |
_aШвидко _bЯ.И. |
|
| 801 | 0 |
_aRU _bNLR _gpsbo |
|
| 801 | 1 |
_aRU _bELAR _2rusmarc |
|
| 852 |
_aNLR _j74-4/16614 |
||
| 942 | _cBOOK | ||